000 00385nam a2200121Ia 4500
008 200626s9999 xx 000 0 und d
020 _a0-13-015684-1
100 _aKotler, Philip
245 _cPhilip Kotler.--
_aMarketing management:
_bThe millennium edition:/
260 _aNew Jersey:
_bPrentice Hall, Inc.
_c2000
300 _axxxii, 131 pages
500 _aIncludes Credits, and Index
999 _c363905
_d363905